zpět

Detail výsledku týmu

Smíchovská Tankovna, Benešov

Datum a čas kvízu

16.5 Celkem bodů Celkový počet nahraných bodů na tomto kvízu bez doplňovacích otázek.
10. Pořadí na kvízu Konečné umístění týmu na tomto kvízu.

Zaznamenané odpovědi

# Otázka Odpověď Body Výsledky
1. V noci na pátek se v pražské z... gorila 1
2. V pondělí večer došlo k úplném... přes Severní Ameriku 1
3. Pořadatelé filmového festivalu... George Lucas 0
4. Minulý týden oznámila italská... Silvio Berlusconi 0
5. Francouzská parkouristka Anouk... šplh na laně 1
6. V pěti otázkách tohoto tématu... kámen 1
7. Jaká je denní dávka kuchyňské... B 0
8. Tato sůl získala své růžové zb... himálajská 1
9. Nejen lidé, ale i zvířata potř... liz 0
10. Jeden z nejznámějších a nejsta... D) Wieliczka 0